Axiomatic design in support of new concept design
Praktická aplikácia axiomatického dizajnu v priemyselnom dizajne.
Gespeichert in:
| 1. Verfasser: | |
|---|---|
| Weitere Verfasser: | |
| Format: | Buchkapitel |
| Sprache: | Englisch |
| Schlagworte: | |
| Tags: |
Keine Tags, Fügen Sie das erste Tag hinzu!
|
MARC
| LEADER | 00000naa a2200000 4500 | ||
|---|---|---|---|
| 001 | 0120478 | ||
| 005 | 20240502072344.9 | ||
| 041 | 0 | |a eng | |
| 044 | |a SK | ||
| 245 | 1 | 0 | |a Axiomatic design in support of new concept design |c Denisa Ďuričeková, Michal Tkáč |
| 520 | |a Praktická aplikácia axiomatického dizajnu v priemyselnom dizajne. | ||
| 610 | 2 | 0 | |a dizajn priemyselný |
| 610 | 2 | 0 | |a prieskum spotrebiteľský |
| 610 | 2 | 0 | |a prieskum potrieb |
| 610 | 2 | 0 | |a modely ekonomicko-matematické |
| 100 | 1 | |a Ďuričeková, Denisa, 1981- | |
| 700 | 1 | |a Tkáč, Michal, 1958- | |